[Event "SRB-Cup"]
[Site "Valjevo"]
[Date "2011.05.19"]
[Round "4.1"]
[White "Kostic, Vladimir G"]
[Black "Sokic, Dragomir"]
[Result "1/2-1/2"]
[WhiteElo "2447"]
[BlackElo "1961"]
[PlyCount "97"]
[EventDate "2011.05.16"]
[EventType "team-swiss"]
[EventRounds "7"]
[EventCountry "YUG"]
[SourceTitle "CBM 142 Extra"]
[Source "ChessBase"]
[SourceDate "2011.06.27"]
[SourceVersion "1"]
[SourceVersionDate "2011.06.27"]
[SourceQuality "1"]
[WhiteTeam "Valjevo 2005"]
[BlackTeam "Sivac"]
[WhiteTeamCountry "SRB"]
[BlackTeamCountry "SRB"]

1. e4 e5 2. Nf3 Nc6 3. Bc4 Nf6 4. d3 Bc5 5. c3 d6 6. Bb3 Bg4 7. h3 Bd7 8. Nbd2 h6 9. Nc4 Qe7 10. Ne3 Bb6 11. Nh2 0-0-0 12. Nhg4 h5 13. Nxf6 Qxf6 14. Qe2 Qg6 15. g3 f5 16. exf5 Bxf5 17. Nxf5 Qxf5 18. Bd5 Rhf8 19. Be3 Ne7 20. Be4 Qf7 21. 0-0 Nf5 22. Bxb6 axb6 23. a4 d5 24. Bg2 Rde8 25. a5 bxa5 26. Rxa5 c6 27. Ra8+ Kc7 28. Rxe8 Rxe8 29. Qd2 Nd6 30. h4 Qf5 31. Re1 g6 32. Re3 Rf8 33. Qe1 Re8 34. b3 Nf7 35. c4 dxc4 36. Qa5+ Kb8 37. bxc4 Nd6 38. c5 Nb5 39. Be4 Qe6 40. Re1 g5 41. hxg5 h4 42. Qd2 hxg3 43. fxg3 Nd4 44. g6 Qg4 45. Qf2 Rh8 46. Kg2 Qh3+ 47. Kg1 Qg4 48. Kg2 Qh3+ 49. Kg1 1/2-1/2

[Event "SRB-Cup"]
[Site "Valjevo"]
[Date "2011.05.18"]
[Round "3.1"]
[White "Sokic, Dragomir"]
[Black "Radlovacki, Jovan"]
[Result "0-1"]
[WhiteElo "1961"]
[BlackElo "2418"]
[PlyCount "78"]
[EventDate "2011.05.16"]
[EventType "team-swiss"]
[EventRounds "7"]
[EventCountry "YUG"]
[SourceTitle "CBM 142 Extra"]
[Source "ChessBase"]
[SourceDate "2011.06.27"]
[SourceVersion "1"]
[SourceVersionDate "2011.06.27"]
[SourceQuality "1"]
[WhiteTeam "Sivac"]
[BlackTeam "Jugovic Kac"]
[WhiteTeamCountry "SRB"]
[BlackTeamCountry "SRB"]

1. e4 c6 2. d4 d5 3. Nc3 b5 4. a3 a6 5. Nf3 Bg4 6. Be2 e6 7. Ne5 Bxe2 8. Qxe2 Nf6 9. 0-0 Be7 10. exd5 cxd5 11. Bf4 Qb6 12. Rfe1 Nbd7 13. a4 b4 14. Nxd7 Kxd7 15. a5 Qxd4 16. Be5 Qc4 17. Qxc4 dxc4 18. Na4 Bd8 19. Red1+ Nd5 20. Bxg7 Rg8 21. Bd4 Kc6 22. Nb6 Bxb6 23. axb6 Rgd8 24. c3 a5 25. Kf1 Nxb6 26. Re1 Nd5 27. Re5 bxc3 28. bxc3 a4 29. Ke1 a3 30. Kd2 Rdb8 31. Ra2 Rb3 32. Kc2 Rab8 33. g3 Kd6 34. Re1 f6 35. f4 Rb2+ 36. Rxb2 Rxb2+ 37. Kc1 Rxh2 38. Kb1 Rg2 39. Rg1 Nxc3+ 0-1

[Event "SRB-Cup"]
[Site "Valjevo"]
[Date "2011.05.17"]
[Round "2.1"]
[White "Stevanovic, Vladan M"]
[Black "Sokic, Dragomir"]
[Result "0-1"]
[WhiteElo "2287"]
[BlackElo "1961"]
[PlyCount "128"]
[EventDate "2011.05.16"]
[EventType "team-swiss"]
[EventRounds "7"]
[EventCountry "YUG"]
[SourceTitle "CBM 142 Extra"]
[Source "ChessBase"]
[SourceDate "2011.06.27"]
[SourceVersion "1"]
[SourceVersionDate "2011.06.27"]
[SourceQuality "1"]
[WhiteTeam "Novi Sad PTT"]
[BlackTeam "Sivac"]
[WhiteTeamCountry "SRB"]
[BlackTeamCountry "SRB"]

1. Nf3 Nf6 2. g3 d5 3. Bg2 g6 4. 0-0 Bg7 5. d3 0-0 6. Nbd2 c6 7. e4 dxe4 8. dxe4 Nfd7 9. Re1 e5 10. Nc4 Qc7 11. a4 Nc5 12. a5 Rd8 13. Qe2 Nba6 14. Bg5 f6 15. Bd2 Ne6 16. h4 Nd4 17. Nxd4 Rxd4 18. Be3 Rd8 19. f4 Be6 20. fxe5 fxe5 21. Bg5 Rd4 22. Nd2 h6 23. Be3 Rd7 24. c3 Qd8 25. Red1 Nc7 26. Nc4 Nb5 27. Kh2 Kh7 28. Rxd7 Qxd7 29. Rd1 Bxc4 30. Rxd7 Bxe2 31. Rxb7 Nd6 32. Rxa7 Rb8 33. Bc5 Rb7 34. Rxb7 Nxb7 35. Bb6 Bf8 36. Kg1 Bc5+ 37. Bxc5 Nxc5 38. Bf1 Bxf1 39. Kxf1 Kg7 40. b4 Na6 41. Ke2 Kf7 42. Kd3 Ke6 43. Kc4 Kd6 44. b5 Nc7 45. bxc6 Kxc6 46. Kb4 Na6+ 47. Kc4 Nc5 48. g4 Nxe4 49. Kd3 Nc5+ 50. Kc4 Ne4 51. Kd3 Nd6 52. c4 Kc5 53. h5 gxh5 54. gxh5 e4+ 55. Ke3 Kxc4 56. a6 Kd5 57. a7 Nc4+ 58. Ke2 Nb6 59. Ke3 Ke5 60. Ke2 Kd4 61. Kd2 e3+ 62. Ke2 Ke4 63. Ke1 Kd3 64. Kd1 Na8 0-1

[Event "SRB-Cup"]
[Site "Valjevo"]
[Date "2011.05.16"]
[Round "1.1"]
[White "Zontakh, Andrey"]
[Black "Sokic, Dragomir"]
[Result "1-0"]
[WhiteElo "2567"]
[BlackElo "1961"]
[PlyCount "67"]
[EventDate "2011.05.16"]
[EventType "team-swiss"]
[EventRounds "7"]
[EventCountry "YUG"]
[SourceTitle "CBM 142 Extra"]
[Source "ChessBase"]
[SourceDate "2011.06.27"]
[SourceVersion "1"]
[SourceVersionDate "2011.06.27"]
[SourceQuality "1"]
[WhiteTeam "Belgrade Itaka"]
[BlackTeam "Sivac"]
[WhiteTeamCountry "SRB"]
[BlackTeamCountry "SRB"]

1. d4 Nf6 2. c4 g6 3. Nc3 Bg7 4. e4 d6 5. Nf3 0-0 6. Be2 e5 7. Be3 Nc6 8. d5 Ne7 9. Nd2 Nd7 10. b4 f5 11. f3 Rf7 12. c5 a5 13. Nb5 fxe4 14. fxe4 Nf6 15. 0-0 Ne8 16. Rxf7 Kxf7 17. bxa5 Rxa5 18. a4 Ng8 19. Rc1 Bf8 20. cxd6 Bxd6 21. Qc2 Bd7 22. Nc4 Ra8 23. Rf1+ Kg7 24. Qb2 Qe7 25. Bf4 h5 26. Bxe5+ Kh7 27. Nxc7 Bxc7 28. Bxc7 Nh6 29. Bf4 Rxa4 30. Bxh6 Kxh6 31. Qh8+ Kg5 32. Ne5 Rxe4 33. h4+ Kxh4 34. Nxg6+ 1-0

[Event "Backa Topola-ch"]
[Site "Backa Topola"]
[Date "2010.12.03"]
[Round "8"]
[White "Sokic, Dragomir"]
[Black "Kosa, Jeno"]
[Result "1-0"]
[WhiteElo "1899"]
[BlackElo "2107"]
[PlyCount "120"]
[EventDate "2010.11.17"]
[EventType "swiss"]
[EventRounds "9"]
[EventCountry "SRB"]
[SourceTitle "EXT 2019"]
[Source "ChessBase"]
[SourceDate "2018.10.10"]
[SourceVersion "1"]
[SourceVersionDate "2018.10.10"]
[SourceQuality "1"]

1. e4 c6 2. d4 d5 3. Nc3 dxe4 4. Nxe4 Bf5 5. Ng3 Bg6 6. h4 h6 7. Nf3 Nd7 8. Bd3 Bxd3 9. Qxd3 e6 10. Bd2 Ngf6 11. 0-0-0 Qc7 12. Ne4 Nxe4 13. Qxe4 Nf6 14. Qe2 Bd6 15. Kb1 b5 16. Ne5 Bxe5 17. dxe5 Nd5 18. f4 a6 19. f5 exf5 20. e6 0-0-0 21. c4 bxc4 22. exf7 Rhf8 23. Qxc4 Rxf7 24. Qxa6+ Qb7 25. Qc4 Qb5 26. Rc1 Qxc4 27. Rxc4 Kb7 28. Rh3 Nb6 29. Rc2 Rfd7 30. Ba5 Rd1+ 31. Rc1 Rxc1+ 32. Kxc1 Rd5 33. Bd2 Rc5+ 34. Kb1 Nd5 35. Rg3 Rc4 36. Rxg7+ Kb6 37. g3 f4 38. gxf4 Rd4 39. Bc1 Kb5 40. Rg6 Nxf4 41. Rg4 Ne6 42. Rxd4 Nxd4 43. Bxh6 Nf5 44. Bg5 Ng3 45. Kc2 Kc4 46. b3+ Kd4 47. Be7 c5 48. Bf6+ Kd5 49. Kd3 Nh5 50. Bd8 Nf4+ 51. Kc3 Ne2+ 52. Kc2 Nf4 53. Bc7 Nh5 54. Kc3 Nf6 55. a3 Ne4+ 56. Kd3 Nf6 57. Bd8 Nh5 58. b4 c4+ 59. Kc3 Ng3 60. b5 Kc5 1-0

[Event "Vojvodina Cup"]
[Site "Banja Junakovic"]
[Date "2009.05.01"]
[Round "2"]
[White "Sokic, Dragomir"]
[Black "Vujadinovic, Goran"]
[Result "0-1"]
[WhiteElo "1828"]
[BlackElo "2367"]
[PlyCount "98"]
[EventDate "2009.04.30"]
[EventType "team-tourn"]
[EventRounds "5"]
[EventCountry "YUG"]
[SourceTitle "EXT 2011"]
[Source "ChessBase"]
[SourceDate "2010.11.26"]
[SourceVersion "1"]
[SourceVersionDate "2010.11.26"]
[SourceQuality "1"]

1. e4 d6 2. f4 g6 3. Nf3 Bg7 4. Bc4 c6 5. Nc3 Nf6 6. e5 Nd5 7. Bxd5 cxd5 8. 0-0 d4 9. Ne4 dxe5 10. fxe5 Nc6 11. Qe2 0-0 12. Nf2 Qd5 13. Re1 b5 14. d3 Bb7 15. Bf4 Rac8 16. c4 dxc3 17. bxc3 Nd8 18. Rac1 Ne6 19. Bg3 Bh6 20. Rc2 Rfd8 21. Rd1 b4 22. Ng4 Bf4 23. c4 Qc5+ 24. Bf2 Qc6 25. Bxa7 h5 26. Nf2 Qa4 27. Bb6 Bxf3 28. gxf3 Rd7 29. Nh1 Bxe5 30. Rcd2 Bc3 31. Be3 Bxd2 32. Rxd2 Qa3 33. Kg2 Qc3 34. Nf2 Qe5 35. Ne4 f5 36. Ng3 f4 37. Bf2 Qxe2 38. Nxe2 Rxc4 39. h4 Rc6 40. d4 Rd5 41. Rb2 Rc4 42. Rd2 Kf7 43. Rb2 Kf6 44. Be1 Nxd4 45. Nxf4 Rf5 46. Kg3 Nxf3 47. Kxf3 Rfxf4+ 48. Ke2 Rce4+ 49. Kd2 Rxe1 0-1